000 00350nam a2200169Ia 4500
100 _aEDWARD DE BONO
650 _aPhilosophy
942 _cBK
366 _f17.5
654 _aideas
245 _aHow to have creative ideas
260 _bVermilion
_aLondon
_c2007
082 _a801/BON
_bBON
300 _a180
546 _aENGLISH
999 _c30773
_d30773